[Event "Sitges Sunway op 10th"]
[Site "Sitges"]
[Date "2023.12.15"]
[Round "4"]
[White "Munoz Suarez, Luis Alberto"]
[Black "Midy, Robin"]
[Result "0-1"]
[WhiteElo "1947"]
[BlackElo "2182"]
[PlyCount "50"]
[EventDate "2023.12.12"]
[EventType "swiss"]
[EventRounds "10"]
[EventCountry "ESP"]
[SourceTitle "EXT 2025"]
[Source "ChessBase"]
[SourceDate "2024.10.14"]
[SourceVersion "1"]
[SourceVersionDate "2024.10.14"]
[SourceQuality "1"]

1. e4 e5 2. Nf3 Nc6 3. Nc3 Nf6 4. Bb5 Bc5 5. Nxe5 Nxe5 6. d4 Bd6 7. dxe5 Bxe5 8. 0-0 0-0 9. Re1 Re8 10. Bg5 c6 11. Bd3 Qc7 12. h3 h6 13. Bd2 b6 14. Qf3 Bb7 15. g4 d5 16. h4 Bxc3 17. Bxc3 dxe4 18. Bxe4 Nxe4 19. Rxe4 c5 20. Rxe8+ Rxe8 21. Qh3 Qf4 22. Qh2 Qf3 23. Kf1 Ba6+ 24. Kg1 Re4 25. Qb8+ Kh7 0-1

[Event "ESP-ch 84th"]
[Site "Marbella"]
[Date "2019.11.19"]
[Round "4"]
[White "Donado Mazarron Gomez, Miguel"]
[Black "Munoz Suarez, Luis Alberto"]
[Result "1/2-1/2"]
[WhiteElo "2171"]
[BlackElo "1944"]
[PlyCount "154"]
[EventDate "2019.11.16"]
[EventType "swiss"]
[EventRounds "9"]
[EventCountry "ESP"]
[SourceTitle "CBM 193 Extra"]
[Source "ChessBase"]
[SourceDate "2020.01.31"]
[SourceVersion "1"]
[SourceVersionDate "2020.01.31"]
[SourceQuality "1"]

1. d4 Nf6 2. c4 g6 3. Nc3 Bg7 4. e4 d6 5. Nf3 0-0 6. Be2 Nbd7 7. 0-0 e5 8. Qc2 Re8 9. Rd1 exd4 10. Nxd4 Nc5 11. f3 a5 12. Be3 Qe7 13. Ndb5 Na6 14. Rac1 Be6 15. Qd2 b6 16. Nd5 Nxd5 17. cxd5 Bc8 18. Nxc7 Nxc7 19. Bxb6 Nxd5 20. Qxd5 Be6 21. Qxd6 Qxd6 22. Rxd6 Bxb2 23. Rc2 Be5 24. Rd1 Reb8 25. Bd4 Bxd4+ 26. Rxd4 Rb4 27. Rd3 Ra4 28. a3 Rb8 29. Rcc3 Rb2 30. Bd1 Rc4 31. Rxc4 Bxc4 32. Rd4 Be6 33. h4 h5 34. Kh2 Kg7 35. f4 Kf6 36. Ra4 Rb5 37. Be2 Rc5 38. Kg3 Ke7 39. Kf2 Kd6 40. Ke3 Bb3 41. Rd4+ Ke7 42. Bd1 a4 43. Bxb3 axb3 44. Rb4 b2 45. Kd4 Ra5 46. Rxb2 Rxa3 47. Rb7+ Ke6 48. f5+ gxf5 49. Rb6+ Ke7 50. exf5 f6 51. Re6+ Kf7 52. Rc6 Rg3 53. Rc7+ Kf8 54. Kd5 Re3 55. Kd6 Re5 56. Rc5 Re2 57. Rc4 Re5 58. Rc5 Re2 59. Rc8+ Kg7 60. Rc7+ Kg8 61. Re7 Rxg2 62. Ke6 Rg4 63. Kxf6 Rxh4 64. Re8+ Kh7 65. Kf7 Rf4 66. f6 h4 67. Re5 Kh6 68. Ke7 Kg6 69. Re6 h3 70. Re3 Rxf6 71. Rg3+ Kh5 72. Kxf6 Kh4 73. Rg8 h2 74. Kf5 Kh3 75. Kf4 h1Q 76. Rh8+ Kg2 77. Rxh1 Kxh1 1/2-1/2

[Event "Sitges Sunway op-A 5th"]
[Site "Sitges"]
[Date "2018.12.16"]
[Round "3"]
[White "Dev, Shah"]
[Black "Munoz Suarez, Luis Alberto"]
[Result "1-0"]
[WhiteElo "2159"]
[BlackElo "1937"]
[PlyCount "64"]
[EventDate "2018.12.14"]
[EventType "swiss"]
[EventRounds "10"]
[EventCountry "ESP"]
[SourceTitle "CBM 187 Extra"]
[Source "ChessBase"]
[SourceDate "2018.11.04"]
[SourceVersion "1"]
[SourceVersionDate "2018.11.04"]
[SourceQuality "1"]

1. d4 Nf6 2. c4 g6 3. Nc3 Bg7 4. e4 d6 5. f3 0-0 6. Be3 e5 7. Nge2 Nh5 8. g4 Nf4 9. Nxf4 exf4 10. Bxf4 f5 11. gxf5 gxf5 12. Qd2 Qh4+ 13. Bg3 Qh5 14. Be2 fxe4 15. fxe4 Bg4 16. Rg1 Nc6 17. Bxg4 Qxg4 18. Bf2 Qh5 19. Qg5 Qxg5 20. Rxg5 Kh8 21. Rd1 Rf7 22. Rg2 Re8 23. Ke2 Na5 24. b3 c5 25. Rd3 Nc6 26. dxc5 Ne5 27. Rdg3 Ng6 28. Nd5 dxc5 29. Bxc5 b6 30. Bb4 Rxe4+ 31. Re3 Rxe3+ 32. Kxe3 Rd7 1-0

[Event "Estadilla op 30th rapid"]
[Site "Estadilla"]
[Date "2016.05.22"]
[Round "2"]
[White "Forcen Esteban, Daniel"]
[Black "Munoz Suarez, Luis Alberto"]
[Result "1-0"]
[WhiteElo "2501"]
[BlackElo "1965"]
[PlyCount "57"]
[EventDate "2016.05.22"]
[EventType "swiss (rapid)"]
[EventRounds "9"]
[EventCountry "ESP"]
[SourceTitle "EXT 2018"]
[Source "ChessBase"]
[SourceDate "2017.10.13"]
[SourceVersion "1"]
[SourceVersionDate "2017.10.13"]
[SourceQuality "1"]

1. c4 Nf6 2. Nc3 g6 3. e4 d6 4. d4 Bg7 5. Nge2 0-0 6. Ng3 c5 7. d5 e6 8. Be2 exd5 9. cxd5 Re8 10. 0-0 a6 11. a4 b6 12. Bf4 Bb7 13. Qd2 Qc7 14. Bh6 Nbd7 15. Bxg7 Kxg7 16. Qg5 Kh8 17. f4 Rf8 18. Rad1 Rae8 19. Rfe1 Ng8 20. Bg4 Bc8 21. e5 f6 22. exf6 Ngxf6 23. Rxe8 Rxe8 24. Be6 Rf8 25. Rf1 Kg7 26. f5 Ne5 27. fxg6 Nxg6 28. Rxf6 Rxf6 29. Nh5+ 1-0

[Event "Zaragoza Province-ch Preferente"]
[Site "Zaragoza"]
[Date "2015.11.01"]
[Round "5"]
[White "Fabre Perez, Jose Maria"]
[Black "Munoz Suarez, Luis Alberto"]
[Result "1-0"]
[WhiteElo "2027"]
[BlackElo "1951"]
[PlyCount "101"]
[EventDate "2015.09.27"]
[EventType "swiss"]
[EventRounds "6"]
[EventCountry "ESP"]
[SourceTitle "CBM 170 Extra"]
[Source "ChessBase"]
[SourceDate "2016.02.25"]
[SourceVersion "1"]
[SourceVersionDate "2016.02.25"]
[SourceQuality "1"]

1. e4 e6 2. d4 d5 3. Nd2 c5 4. exd5 exd5 5. Bb5+ Bd7 6. Qe2+ Be7 7. Ngf3 Nf6 8. Bxd7+ Nbxd7 9. dxc5 0-0 10. 0-0 Re8 11. Nb3 Bxc5 12. Qd3 Bb6 13. Bg5 h6 14. Bh4 Re4 15. Nbd2 g5 16. Bg3 Nc5 17. Qc3 Re2 18. Nd4 Nce4 19. Nxe4 Rxe4 20. Nf5 Rc8 21. Qd3 Qd7 22. Nd6 Rd4 23. Qf3 Ne4 24. Nxc8 Qxc8 25. c3 Rd2 26. Rad1 Qc4 27. b3 Qc6 28. c4 dxc4 29. Rxd2 Nxd2 30. Qxc6 bxc6 31. Rc1 cxb3 32. axb3 Nxb3 33. Rxc6 Nd4 34. Rxh6 Ne2+ 35. Kf1 Nxg3+ 36. hxg3 Kf8 37. Ke2 Ke7 38. f4 g4 39. f5 Bc5 40. Kd3 Bd6 41. Rh4 Bxg3 42. Rxg4 Bd6 43. Ra4 Bc5 44. Ke4 Bb6 45. Rc4 Kd6 46. g4 f6 47. Rc8 Kd7 48. Ra8 Bg1 49. Kd5 Bb6 50. g5 fxg5 51. f6 1-0

[Event "Zaragoza Province-ch Preferente"]
[Site "Zaragoza"]
[Date "2015.10.04"]
[Round "2"]
[White "Munoz Suarez, Luis Alberto"]
[Black "Ciriano Lamban, Alejandro"]
[Result "1/2-1/2"]
[WhiteElo "1951"]
[BlackElo "1990"]
[PlyCount "115"]
[EventDate "2015.09.27"]
[EventType "swiss"]
[EventRounds "6"]
[EventCountry "ESP"]
[SourceTitle "CBM 170 Extra"]
[Source "ChessBase"]
[SourceDate "2016.02.25"]
[SourceVersion "1"]
[SourceVersionDate "2016.02.25"]
[SourceQuality "1"]

1. f4 c5 2. Nf3 Nc6 3. e3 g6 4. Be2 Bg7 5. 0-0 d6 6. d3 Nf6 7. Nbd2 Ng4 8. Ne4 f5 9. Nf2 Nf6 10. c3 e5 11. e4 Qe7 12. Qc2 Be6 13. Bd2 h6 14. Rae1 0-0-0 15. d4 fxe4 16. Nxe4 Nxe4 17. Qxe4 Bf5 18. Qd5 e4 19. Bb5 Qc7 20. g4 Bxg4 21. Rxe4 Rhf8 22. Bxc6 bxc6 23. Qc4 g5 24. Qe2 d5 25. Re7 Rd7 26. Rxd7 Qxd7 27. Qa6+ Kb8 28. Ne5 Bxe5 29. fxe5 Rxf1+ 30. Qxf1 cxd4 31. cxd4 Bf5 32. Bb4 Kb7 33. Bc5 Be4 34. Qd1 Ka8 35. Qe2 Qh3 36. b4 Bf3 37. Qf2 Qg4+ 38. Kf1 Qe4 39. Kg1 Qg4+ 40. Kf1 Qf5 41. e6 Qb1+ 42. Qe1 Qxa2 43. Qf2 Qb1+ 44. Qe1 Bg2+ 45. Kf2 Qxe1+ 46. Kxe1 Bh3 47. e7 Bd7 48. Kf2 Kb7 49. Kg3 h5 50. Kf2 a6 51. Ke3 Kc8 52. Bd6 Be8 53. Be5 Kd7 54. Bf6 g4 55. Kf4 Ke6 56. Bh4 Bd7 57. Bg5 Be8 58. Bh4 1/2-1/2

[Event "Aragon-chT Preferente B"]
[Site "Aragon"]
[Date "2013.02.23"]
[Round "5.67"]
[White "Bailo Remacha, Santiago"]
[Black "Munoz Suarez, Luis Alberto"]
[Result "1-0"]
[WhiteElo "2030"]
[BlackElo "1996"]
[PlyCount "120"]
[EventDate "2013.01.26"]
[EventType "team"]
[EventRounds "9"]
[EventCountry "ESP"]
[SourceTitle "EXT 2014"]
[Source "ChessBase"]
[SourceDate "2013.11.20"]
[SourceVersion "1"]
[SourceVersionDate "2013.11.20"]
[SourceQuality "1"]
[WhiteTeam "El Olivar II"]
[BlackTeam "Ramiro II"]
[WhiteTeamCountry "ESP"]
[BlackTeamCountry "ESP"]

1. b3 e5 2. Bb2 Nc6 3. c4 Nf6 4. g3 d5 5. cxd5 Nxd5 6. Bg2 Be7 7. Nc3 Be6 8. Nf3 0-0 9. 0-0 f6 10. d4 Nxc3 11. Bxc3 e4 12. Nd2 f5 13. Nc4 Bf6 14. Ne5 Bxe5 15. dxe5 Qe7 16. Qc2 Rad8 17. Rfd1 Qc5 18. Qb2 a5 19. e3 Nb4 20. Bxb4 Qxb4 21. Qc2 c6 22. Bf1 Qe7 23. Qc3 Rxd1 24. Rxd1 Rd8 25. Rd4 Qc7 26. Qd2 Bd5 27. Bc4 Qxe5 28. Qxa5 Qd6 29. Qb6 Rd7 30. Bxd5+ cxd5 31. Qxd6 Rxd6 32. Rb4 Rd7 33. Kf1 Kf7 34. Ke2 Ke6 35. Kd2 Rc7 36. a4 Ke5 37. Rb5 Kd6 38. b4 g6 39. Rb6+ Ke5 40. a5 g5 41. Rb5 Kd6 42. h3 Ke5 43. Rc5 Rd7 44. b5 Kd6 45. Rc8 Ke7 46. Kc3 Kd6 47. Kd4 Ke6 48. b6 Kd6 49. Rc5 Ke6 50. Rc7 Rxc7 51. bxc7 Kd7 52. Kxd5 Kxc7 53. Ke5 Kc6 54. Kxf5 Kb5 55. Kxe4 Kxa5 56. f4 gxf4 57. gxf4 Kb5 58. Kd3 Kc5 59. Kc3 h5 60. e4 h4 1-0

[Event "Aragon-chT Preferente B"]
[Site "Aragon"]
[Date "2013.02.16"]
[Round "4.63"]
[White "Munoz Suarez, Luis Alberto"]
[Black "Sancho Casale, Jesus"]
[Result "0-1"]
[WhiteElo "1996"]
[BlackElo "1941"]
[PlyCount "121"]
[EventDate "2013.01.26"]
[EventType "team"]
[EventRounds "9"]
[EventCountry "ESP"]
[SourceTitle "EXT 2014"]
[Source "ChessBase"]
[SourceDate "2013.11.20"]
[SourceVersion "1"]
[SourceVersionDate "2013.11.20"]
[SourceQuality "1"]
[WhiteTeam "Ramiro II"]
[BlackTeam "Tauste"]
[WhiteTeamCountry "ESP"]
[BlackTeamCountry "ESP"]

1. e4 e5 2. Nf3 Nc6 3. Nc3 Nf6 4. Bb5 Nd4 5. Ba4 Bc5 6. Nxe5 0-0 7. Nd3 Bb6 8. e5 c6 9. 0-0 Ne8 10. Ne4 Qh4 11. Ng3 d5 12. Qh5 Qxh5 13. Nxh5 Bf5 14. Ne1 Bg4 15. Ng3 f5 16. c3 Ne2+ 17. Nxe2 Bxe2 18. d4 f4 19. Nf3 Bxf1 20. Kxf1 Nc7 21. Bd2 Ne6 22. Bb3 Ba5 23. Rd1 b5 24. Bc2 Bb6 25. h4 Bd8 26. Kg1 Be7 27. Kh2 a5 28. Kh3 b4 29. Ba4 Rac8 30. Kg4 Rc7 31. Rc1 bxc3 32. Bxc3 c5 33. Rd1 c4 34. a3 g6 35. Bc2 Rb7 36. Ba4 Rc7 37. Bc2 Ra8 38. Ng5 Bxg5 39. hxg5 Kg7 40. Ba4 Rf8 41. Bc2 f3 42. g3 Ra7 43. Rc1 Rb7 44. Bd1 Rf5 45. Bxf3 Rxg5+ 46. Kh3 Rd7 47. Rd1 h5 48. Rd2 Rf5 49. Kg2 Ng5 50. Bd1 Ne4 51. Bxa5 Nxd2 52. Bxd2 Rdf7 53. Be1 Rb7 54. Bc3 Rf8 55. f4 Rfb8 56. Bf3 Rxb2+ 57. Bxb2 Rxb2+ 58. Kf1 c3 59. Ke1 Rb1+ 60. Ke2 c2 61. Kd2 0-1

[Event "Aragon-chT Preferente B"]
[Site "Aragon"]
[Date "2013.02.09"]
[Round "3.63"]
[White "Marcellan Peire, Jesus Eduardo"]
[Black "Munoz Suarez, Luis Alberto"]
[Result "0-1"]
[WhiteElo "1879"]
[BlackElo "1996"]
[PlyCount "52"]
[EventDate "2013.01.26"]
[EventType "team"]
[EventRounds "9"]
[EventCountry "ESP"]
[SourceTitle "EXT 2014"]
[Source "ChessBase"]
[SourceDate "2013.11.20"]
[SourceVersion "1"]
[SourceVersionDate "2013.11.20"]
[SourceQuality "1"]
[WhiteTeam "Ejea"]
[BlackTeam "Ramiro II"]
[WhiteTeamCountry "ESP"]
[BlackTeamCountry "ESP"]

1. d4 Nf6 2. c4 g6 3. Nc3 Bg7 4. Nf3 0-0 5. e4 d6 6. Be2 e5 7. 0-0 Nc6 8. d5 Ne7 9. h3 Nh5 10. Ne1 Nf4 11. Bxf4 exf4 12. Qd2 g5 13. Rc1 Ng6 14. b4 Ne5 15. c5 f5 16. f3 Rf7 17. Nc2 g4 18. hxg4 fxg4 19. fxg4 Bxg4 20. Rxf4 Qg5 21. Rcf1 Raf8 22. Bxg4 Rxf4 23. Be6+ Kh8 24. Rxf4 Rxf4 25. Qe3 Nf3+ 26. Kh1 Qg3 0-1

[Event "Aragon-chT Honor Descenso"]
[Site "Aragon"]
[Date "2012.04.14"]
[Round "10.31"]
[White "Gil Capape, Marco Antonio"]
[Black "Munoz Suarez, Luis Alberto"]
[Result "1/2-1/2"]
[WhiteElo "2059"]
[BlackElo "1994"]
[PlyCount "103"]
[EventDate "2012.02.04"]
[EventType "team-tourn"]
[EventRounds "11"]
[EventCountry "ESP"]
[SourceTitle "EXT 2014"]
[Source "ChessBase"]
[SourceDate "2013.11.20"]
[SourceVersion "1"]
[SourceVersionDate "2013.11.20"]
[SourceQuality "1"]
[WhiteTeam "Caissa"]
[BlackTeam "Ramiro II"]
[WhiteTeamCountry "ESP"]
[BlackTeamCountry "ESP"]

1. d4 Nf6 2. Nf3 g6 3. c4 Bg7 4. Nc3 0-0 5. e4 d6 6. h3 e5 7. dxe5 dxe5 8. Qxd8 Rxd8 9. Bg5 Re8 10. 0-0-0 h6 11. Be3 c6 12. Be2 Nbd7 13. Rd2 Bf8 14. Rhd1 Nc5 15. Rd8 Be6 16. Rxa8 Rxa8 17. Nxe5 Ncxe4 18. Nxe4 Nxe4 19. Ng4 h5 20. Ne5 Bc5 21. Bxc5 Nxc5 22. Rd4 a5 23. g4 Re8 24. Kd2 hxg4 25. hxg4 a4 26. Bd1 g5 27. b4 axb3 28. axb3 f6 29. Nd3 Nxd3 30. Kxd3 Kf7 31. Kc3 Rh8 32. f4 gxf4 33. Rxf4 Rh3+ 34. Kd4 Rg3 35. Kc5 Kg6 36. Kb6 Kg5 37. Rd4 Bxg4 38. Bxg4 Rxg4 39. Rd8 Rg3 40. Kxb7 Rxb3+ 41. Kxc6 f5 42. Rf8 f4 43. c5 Kg4 44. Kd7 Rd3+ 45. Kc7 f3 46. c6 Kg3 47. Kb8 Rb3+ 48. Kc8 f2 49. Rxf2 Kxf2 50. c7 Kf3 51. Kd8 Rd3+ 52. Ke7 1/2-1/2

[Event "Aragon-chT Honor Descenso"]
[Site "Aragon"]
[Date "2012.03.24"]
[Round "8.26"]
[White "Munoz Suarez, Luis Alberto"]
[Black "Colom Sienes, Eduardo"]
[Result "1-0"]
[WhiteElo "1994"]
[BlackElo "2032"]
[PlyCount "53"]
[EventDate "2012.02.04"]
[EventType "team-tourn"]
[EventRounds "11"]
[EventCountry "ESP"]
[SourceTitle "EXT 2014"]
[Source "ChessBase"]
[SourceDate "2013.11.20"]
[SourceVersion "1"]
[SourceVersionDate "2013.11.20"]
[SourceQuality "1"]
[WhiteTeam "Ramiro II"]
[BlackTeam "Ramiro"]
[WhiteTeamCountry "ESP"]
[BlackTeamCountry "ESP"]

1. e4 e6 2. d4 d5 3. e5 c5 4. c3 Nc6 5. Nf3 Qb6 6. Bd3 Nh6 7. dxc5 Bxc5 8. 0-0 Ng4 9. Qe2 f6 10. exf6 Nxf6 11. Bf4 0-0 12. b4 Be7 13. b5 Nd8 14. Ne5 Ne4 15. Bxe4 Rxf4 16. Bd3 a6 17. Qh5 Rf5 18. Bxf5 exf5 19. Qe8+ Bf8 20. Nd2 Be6 21. bxa6 Qxa6 22. Qh5 Qa5 23. Ndf3 Qxc3 24. Ng5 h6 25. Nxe6 Qxe5 26. Nxf8 Kxf8 27. Rae1 1-0

[Event "Aragon-chT Honor GrA "]
[Site "Aragon"]
[Date "2012.03.17"]
[Round "7.1"]
[White "Llorente Zaro, Alfonso"]
[Black "Munoz Suarez, Luis Alberto"]
[Result "1-0"]
[WhiteElo "2445"]
[BlackElo "1994"]
[PlyCount "56"]
[EventDate "2012.02.04"]
[EventType "team-tourn"]
[EventRounds "7"]
[EventCountry "ESP"]
[SourceTitle "EXT 2014"]
[Source "ChessBase"]
[SourceDate "2013.11.20"]
[SourceVersion "1"]
[SourceVersionDate "2013.11.20"]
[SourceQuality "1"]
[WhiteTeam "Agrupacion"]
[BlackTeam "Ramiro II"]
[WhiteTeamCountry "ESP"]
[BlackTeamCountry "ESP"]

1. d4 Nf6 2. g3 g6 3. Bg2 Bg7 4. e4 d6 5. Nc3 0-0 6. Nge2 e5 7. h3 c6 8. a4 a5 9. Be3 Na6 10. 0-0 Qe7 11. Re1 Nd7 12. Qd2 f5 13. Rad1 Nf6 14. d5 c5 15. Bg5 Nc7 16. f4 Qe8 17. fxe5 Qxe5 18. Bf4 Qe7 19. e5 Nfe8 20. e6 b6 21. Nb5 Ba6 22. c4 Bxb5 23. cxb5 Nf6 24. Bf3 Rad8 25. Bg5 Rfe8 26. Kg2 Kh8 27. Nf4 Rg8 28. h4 Qf8 1-0

[Event "Aragon-chT Honor GrA "]
[Site "Aragon"]
[Date "2012.03.03"]
[Round "5.2"]
[White "Munoz Suarez, Luis Alberto"]
[Black "Accattato Martin, Mario"]
[Result "0-1"]
[WhiteElo "1994"]
[BlackElo "2190"]
[PlyCount "58"]
[EventDate "2012.02.04"]
[EventType "team-tourn"]
[EventRounds "7"]
[EventCountry "ESP"]
[SourceTitle "EXT 2014"]
[Source "ChessBase"]
[SourceDate "2013.11.20"]
[SourceVersion "1"]
[SourceVersionDate "2013.11.20"]
[SourceQuality "1"]
[WhiteTeam "Ramiro II"]
[BlackTeam "Casino Jaque"]
[WhiteTeamCountry "ESP"]
[BlackTeamCountry "ESP"]

1. e4 c5 2. Nf3 Nc6 3. d4 cxd4 4. Nxd4 e5 5. Nb5 a6 6. Nd6+ Bxd6 7. Qxd6 Qf6 8. Qd2 Qg6 9. Nc3 Nge7 10. b3 d5 11. Ba3 d4 12. Ne2 Qxe4 13. 0-0-0 0-0 14. f4 Rd8 15. fxe5 Qxe5 16. Nf4 Ng6 17. g3 Bf5 18. Bd3 Bxd3 19. Nxd3 Qc7 20. Kb1 a5 21. Bb2 a4 22. g4 axb3 23. axb3 Qb6 24. Qf2 Qa5 25. h4 Qa2+ 26. Kc1 Rac8 27. h5 Nge5 28. Qf5 Na5 29. Rdf1 Nxd3+ 0-1

[Event "Aragon-chT Honor GrA "]
[Site "Aragon"]
[Date "2012.02.11"]
[Round "2.3"]
[White "Munoz Suarez, Luis Alberto"]
[Black "Roche Simon, Manuel Angel"]
[Result "0-1"]
[WhiteElo "1994"]
[BlackElo "2134"]
[PlyCount "120"]
[EventDate "2012.02.04"]
[EventType "team-tourn"]
[EventRounds "7"]
[EventCountry "ESP"]
[SourceTitle "EXT 2014"]
[Source "ChessBase"]
[SourceDate "2013.11.20"]
[SourceVersion "1"]
[SourceVersionDate "2013.11.20"]
[SourceQuality "1"]
[WhiteTeam "Ramiro II"]
[BlackTeam "Delicias CCOO"]
[WhiteTeamCountry "ESP"]
[BlackTeamCountry "ESP"]

1. e4 c5 2. Nf3 e6 3. d4 cxd4 4. Nxd4 a6 5. Nc3 Qc7 6. Be2 b5 7. Bf3 Bb7 8. 0-0 Nc6 9. Re1 Ne5 10. Bf4 Nf6 11. Nd5 Nxd5 12. Bxe5 Qxe5 13. exd5 Qc7 14. Nf5 0-0-0 15. Ne3 Kb8 16. a4 Bc5 17. Qd3 Qb6 18. b4 Bxe3 19. Rxe3 Rc8 20. axb5 Qxb5 21. Qd4 Rxc2 22. Be2 Qxd5 23. Qf4+ Rc7 24. Bf3 Qd2 25. Rd1 Qc2 26. Rxd7 Rhc8 27. Red3 Qc1+ 28. Qxc1 Rxc1+ 29. Rd1 Bxf3 30. gxf3 Rxd1+ 31. Rxd1 Kc7 32. Kf1 Rb8 33. Rd4 e5 34. Rc4+ Kd6 35. Ke2 Rb5 36. f4 exf4 37. Rxf4 f5 38. h4 g6 39. Ke3 h6 40. Rd4+ Rd5 41. Rc4 g5 42. Rc8 f4+ 43. Kf3 Ke5 44. Rc6 Kf5 45. Rxa6 g4+ 46. Ke2 f3+ 47. Ke1 Re5+ 48. Kf1 Re4 49. Rxh6 Rxb4 50. Ke1 Rb1+ 51. Kd2 Rf1 52. Ke3 Re1+ 53. Kd3 Re2 54. Rh5+ Kf4 55. Rh8 Rxf2 56. h5 Rh2 57. h6 f2 58. Ke2 Kg3 59. h7 Kg2 60. Rf8 g3 0-1

[Event "Aragon-chT Preferente-B"]
[Site "Spain"]
[Date "2011.02.26"]
[Round "4.2"]
[White "Munoz Suarez, Luis Alberto"]
[Black "Jario Garcia, Ricardo Javier"]
[Result "1/2-1/2"]
[WhiteElo "1967"]
[BlackElo "2130"]
[PlyCount "99"]
[EventDate "2011.02.05"]
[EventType "team-tourn"]
[EventRounds "9"]
[EventCountry "ESP"]
[SourceTitle "EXT 2013"]
[Source "ChessBase"]
[SourceDate "2012.11.22"]
[SourceVersion "1"]
[SourceVersionDate "2012.11.22"]
[SourceQuality "1"]
[WhiteTeam "Ramiro II"]
[BlackTeam "Marcos Frechin"]
[WhiteTeamCountry "ESP"]
[BlackTeamCountry "ESP"]

1. e4 e6 2. d4 d5 3. e5 c5 4. c3 Nc6 5. Nf3 Qb6 6. Bd3 Nh6 7. dxc5 Bxc5 8. 0-0 Ng4 9. Qe2 f6 10. exf6 Nxf6 11. Bf4 0-0 12. b4 Be7 13. Ne5 Nxe5 14. Bxe5 Bd6 15. Bxd6 Qxd6 16. f4 d4 17. Qe5 Rd8 18. Qxd6 Rxd6 19. c4 a5 20. b5 b6 21. Nd2 Bb7 22. h3 Re8 23. c5 bxc5 24. Nc4 Rd7 25. Nxa5 Be4 26. Bc4 Nd5 27. a4 Ne3 28. Rf2 Ra8 29. Bxe6+ Rf7 30. Nc6 Kf8 31. Bxf7 Kxf7 32. Ne5+ Ke6 33. a5 g5 34. g3 gxf4 35. gxf4 c4 36. a6 c3 37. Rff1 Rg8+ 38. Ng4 h5 39. f5+ Nxf5 40. Rf4 Bd5 41. b6 hxg4 42. hxg4 Ne3 43. Rxd4 Nc2 44. Rxd5 Kxd5 45. Rc1 Nd4 46. a7 Kc6 47. Rxc3+ Kxb6 48. Ra3 Kb7 49. a8Q+ Rxa8 50. Rxa8 1/2-1/2

[Event "Aragon-chT Preferente-B"]
[Site "Spain"]
[Date "2011.02.19"]
[Round "3.1"]
[White "Munoz Suarez, Luis Alberto"]
[Black "De la Riva Fernandez, Eduardo"]
[Result "1-0"]
[WhiteElo "1967"]
[BlackElo "1995"]
[PlyCount "57"]
[EventDate "2011.02.05"]
[EventType "team-tourn"]
[EventRounds "9"]
[EventCountry "ESP"]
[SourceTitle "EXT 2013"]
[Source "ChessBase"]
[SourceDate "2012.11.22"]
[SourceVersion "1"]
[SourceVersionDate "2012.11.22"]
[SourceQuality "1"]
[WhiteTeam "Ramiro II"]
[BlackTeam "Olivar III"]
[WhiteTeamCountry "ESP"]
[BlackTeamCountry "ESP"]

1. e4 e6 2. d4 d5 3. e5 c5 4. c3 Nc6 5. Nf3 Bd7 6. Bd3 Qb6 7. 0-0 cxd4 8. cxd4 Nxd4 9. Nxd4 Qxd4 10. Nc3 Qxe5 11. Re1 Qd6 12. Nb5 Qb6 13. Be3 Qd8 14. Bf4 Bc6 15. Nc7+ Kd7 16. Nxa8 Bd6 17. Qd2 Nf6 18. b4 Ke7 19. b5 Be8 20. Rac1 Bxf4 21. Qxf4 Qxa8 22. Qb4+ Kd8 23. Qd6+ Bd7 24. Rc7 Ke8 25. b6 axb6 26. Bb5 Qd8 27. Bxd7+ Nxd7 28. Rec1 Nc5 29. Qxb6 1-0

[Event "Autonomico-chT"]
[Site "Aragon"]
[Date "2005.02.12"]
[Round "3.40"]
[White "Lafarga Bueno, Daniel"]
[Black "Munoz Suarez, Luis Alberto"]
[Result "1/2-1/2"]
[WhiteElo "1844"]
[BlackElo "1906"]
[PlyCount "80"]
[EventDate "2005.01.22"]
[EventType "team-tourn"]
[EventRounds "12"]
[EventCountry "ESP"]
[SourceTitle "EXT 2006"]
[Source "ChessBase"]
[SourceDate "2005.11.24"]
[SourceVersion "1"]
[SourceVersionDate "2005.11.24"]
[SourceQuality "1"]

1. e4 e6 2. d4 d5 3. Nd2 Nf6 4. e5 Nfd7 5. Bd3 c5 6. c3 Nc6 7. Ne2 f6 8. exf6 Qxf6 9. Nf3 cxd4 10. cxd4 Bb4+ 11. Bd2 Bxd2+ 12. Qxd2 0-0 13. 0-0 e5 14. dxe5 Ndxe5 15. Nxe5 Nxe5 16. Bc2 Be6 17. f4 Nc4 18. Qd3 g6 19. Qd4 Qxd4+ 20. Nxd4 Rae8 21. Ba4 Re7 22. Rae1 Kf7 23. Rf2 Bd7 24. Rxe7+ Kxe7 25. Bb3 Kd6 26. g3 Kc5 27. Nf3 Bg4 28. Bxc4 Bxf3 29. Rxf3 dxc4 30. Kf2 b5 31. Ke2 Rf7 32. Kd2 Rd7+ 33. Kc2 Re7 34. Kd2 Kd4 35. g4 b4 36. f5 gxf5 37. gxf5 Rf7 38. Rf4+ Kd5 39. Ke3 a5 40. Rd4+ Kc5 1/2-1/2